[Event "DEN-ch cand"]
[Site "Svendborg"]
[Date "2018.03.31"]
[Round "5"]
[White "Thybo, Thomas Sondergaard"]
[Black "Brorsen, Jacob Abildlund"]
[Result "1-0"]
[WhiteElo "2071"]
[BlackElo "2184"]
[PlyCount "67"]
[EventDate "2018.03.27"]
[EventType "swiss"]
[EventRounds "7"]
[EventCountry "DEN"]
[SourceTitle "EXT 2019"]
[Source "ChessBase"]
[SourceDate "2018.10.10"]
[SourceVersion "1"]
[SourceVersionDate "2018.10.10"]
[SourceQuality "1"]

1. e4 e5 2. Nf3 Nc6 3. Bb5 a6 4. Ba4 Nf6 5. 0-0 b5 6. Bb3 Be7 7. Re1 d6 8. c3 0-0 9. h3 Na5 10. Bc2 c5 11. d4 Nd7 12. Nbd2 exd4 13. cxd4 Nc6 14. d5 Nce5 15. a4 Rb8 16. Nxe5 dxe5 17. axb5 axb5 18. Nf1 Bd6 19. Ng3 Re8 20. Nf5 Nf8 21. Nxd6 Qxd6 22. Be3 Nd7 23. Qe2 b4 24. Rec1 Rb6 25. Bd3 Qg6 26. Ra8 Nb8 27. Bxc5 Bxh3 28. Qf3 Bg4 29. Qg3 Rb7 30. Ba6 Rc7 31. d6 Rxc5 32. Rxc5 Qxe4 33. Rxe5 Rxe5 34. Qxe5 1-0

[Event "DEN-ch cand"]
[Site "Svendborg"]
[Date "2018.03.30"]
[Round "4"]
[White "Thybo, Thomas Sondergaard"]
[Black "Petersen, Steen Brustrup"]
[Result "1-0"]
[WhiteElo "2071"]
[BlackElo "2122"]
[PlyCount "87"]
[EventDate "2018.03.27"]
[EventType "swiss"]
[EventRounds "7"]
[EventCountry "DEN"]
[SourceTitle "EXT 2019"]
[Source "ChessBase"]
[SourceDate "2018.10.10"]
[SourceVersion "1"]
[SourceVersionDate "2018.10.10"]
[SourceQuality "1"]

1. e4 e5 2. Nf3 Nc6 3. Bb5 a6 4. Bxc6 dxc6 5. 0-0 Bg4 6. h3 h5 7. d3 Qf6 8. Nbd2 g5 9. b4 Qg7 10. Nc4 f6 11. hxg4 hxg4 12. Nxg5 Qd7 13. f4 b5 14. Bb2 bxc4 15. fxe5 fxg5 16. e6 Qxe6 17. Bxh8 0-0-0 18. Bc3 c5 19. a3 g3 20. Qf3 cxb4 21. axb4 Bxb4 22. d4 Bxc3 23. Qxc3 Qxe4 24. Qxc4 Qxd4+ 25. Qxd4 Rxd4 26. Rf8+ Rd8 27. Rxd8+ Kxd8 28. Rxa6 Ne7 29. Ra3 Nf5 30. Ra5 Ne3 31. c3 g4 32. Re5 Nc2 33. Re4 c5 34. Rxg4 Kc7 35. Rxg3 Kb6 36. Kf2 Kb5 37. Rg4 c4 38. Re4 Na3 39. g4 Nb1 40. Re3 Ka4 41. g5 Kb3 42. g6 Nxc3 43. g7 Kb2 44. Rxc3 1-0

[Event "DEN-ch cand"]
[Site "Svendborg"]
[Date "2018.03.29"]
[Round "3"]
[White "Jaksland, Tim"]
[Black "Thybo, Thomas Sondergaard"]
[Result "1-0"]
[WhiteElo "2168"]
[BlackElo "2071"]
[PlyCount "113"]
[EventDate "2018.03.27"]
[EventType "swiss"]
[EventRounds "7"]
[EventCountry "DEN"]
[SourceTitle "EXT 2019"]
[Source "ChessBase"]
[SourceDate "2018.10.10"]
[SourceVersion "1"]
[SourceVersionDate "2018.10.10"]
[SourceQuality "1"]

1. Nf3 d5 2. c4 e6 3. g3 Nf6 4. Bg2 dxc4 5. Qa4+ Nbd7 6. Qxc4 c5 7. Qb3 Be7 8. 0-0 0-0 9. Nc3 a6 10. a4 c4 11. Qxc4 b5 12. Qa2 Bb7 13. d3 b4 14. Nd1 Rc8 15. Ne3 Nd5 16. Nd4 N7f6 17. Nc4 Bc5 18. Nf3 Ba8 19. Nfe5 Rc7 20. Bd2 Qb8 21. Qb3 Rfc8 22. Rac1 h6 23. e3 Nd7 24. Nxd7 Rxd7 25. d4 Be7 26. Ne5 Rdc7 27. Rxc7 Rxc7 28. Rc1 a5 29. Rxc7 Qxc7 30. Qc4 Qxc4 31. Nxc4 Bd8 32. e4 Nf6 33. f3 g5 34. Kf2 g4 35. Ke3 gxf3 36. Bxf3 h5 37. h3 Bc7 38. Be1 Bc6 39. b3 Kg7 40. Ne5 Bb7 41. Nd3 Kh6 42. Ne5 Kg7 43. g4 hxg4 44. hxg4 Nh7 45. Bh4 Nf8 46. Be7 f6 47. Nc4 Nd7 48. Bd6 Bd8 49. d5 exd5 50. exd5 Ba6 51. Kd4 Nb6 52. Nxb6 Bxb6+ 53. Bc5 Bd8 54. d6 Kf7 55. Bd5+ Kg6 56. Be6 Bb7 57. Ba7 1-0

[Event "DEN-ch cand"]
[Site "Svendborg"]
[Date "2018.03.27"]
[Round "1"]
[White "Rossen, Claus"]
[Black "Thybo, Thomas Sondergaard"]
[Result "1-0"]
[WhiteElo "2200"]
[BlackElo "2071"]
[PlyCount "69"]
[EventDate "2018.03.27"]
[EventType "swiss"]
[EventRounds "7"]
[EventCountry "DEN"]
[SourceTitle "EXT 2019"]
[Source "ChessBase"]
[SourceDate "2018.10.10"]
[SourceVersion "1"]
[SourceVersionDate "2018.10.10"]
[SourceQuality "1"]

1. d4 d5 2. Nc3 Nf6 3. Bg5 Bf5 4. Bxf6 exf6 5. e3 c6 6. Bd3 Bxd3 7. Qxd3 Bd6 8. Nf3 0-0 9. h4 Qb6 10. 0-0-0 Qa6 11. Qxa6 Nxa6 12. g4 Rfe8 13. h5 Nc7 14. Rdg1 Ne6 15. g5 f5 16. g6 fxg6 17. hxg6 h6 18. Rh5 Rf8 19. Nh4 f4 20. Nf5 Bb4 21. Ne2 fxe3 22. fxe3 Ng5 23. Neg3 Rae8 24. c3 Ba5 25. Nd6 Rxe3 26. Ngf5 Re6 27. Rf1 Bc7 28. Nxb7 Rff6 29. Nc5 Re2 30. Nxh6+ gxh6 31. Rxf6 Kg7 32. Rxc6 Bf4+ 33. Kb1 a5 34. Nd3 Be3 35. Ne5 1-0

[Event "Nordic-ch U17"]
[Site "Heinola"]
[Date "2018.02.11"]
[Round "6"]
[White "Thybo, Thomas Sondergaard"]
[Black "Morkore, Rogvi"]
[Result "1-0"]
[WhiteElo "2029"]
[BlackElo "1379"]
[PlyCount "103"]
[EventDate "2018.02.09"]
[EventType "swiss"]
[EventRounds "6"]
[EventCountry "FIN"]
[SourceTitle "EXT 2019"]
[Source "ChessBase"]
[SourceDate "2018.10.10"]
[SourceVersion "1"]
[SourceVersionDate "2018.10.10"]
[SourceQuality "1"]

1. e4 e6 2. d4 d5 3. Nd2 c5 4. exd5 exd5 5. Ngf3 Nc6 6. Bb5 Bd7 7. 0-0 cxd4 8. Nb3 Be7 9. Nbxd4 Nxd4 10. Qxd4 Nf6 11. a4 0-0 12. Bg5 Bxb5 13. axb5 Qb6 14. Qd3 h6 15. Bh4 Rfe8 16. Nd4 Ne4 17. Bxe7 Rxe7 18. Nf5 Re5 19. Qd4 Qxd4 20. Nxd4 Nf6 21. Ra4 a5 22. b4 b6 23. g3 Ree8 24. Rfa1 Re4 25. bxa5 bxa5 26. c3 Kh7 27. Rxa5 Rxa5 28. Rxa5 Re1+ 29. Kg2 Ne4 30. b6 Rb1 31. Rb5 Rxb5 32. Nxb5 Nc5 33. Nc7 Kg6 34. Nxd5 Kf5 35. Nb4 Ke6 36. Kf3 Kd7 37. Ke3 Kc8 38. Kd4 Na4 39. Nd5 Kb7 40. c4 Kc6 41. h3 Nc5 42. h4 Nb7 43. h5 Nc5 44. g4 Nb7 45. Ne7+ Kxb6 46. Nf5 g6 47. Nxh6 gxh5 48. gxh5 Nd8 49. Kd5 Kc7 50. Ng8 Ne6 51. h6 Ng5 52. Nf6 1-0